000 00400nam a2200145 i 4500
001 bg
245 0 0 _aKierowanie w społeczeństwie :
_banaliza socjologiczna : praca zbiorowa /
_cpod red. Witolda Morawskiego.
260 _aWarszawa,
_c1979.
700 1 _aMORAWSKI, Witold.
_eRed.
040 _cBPK
041 _apol
080 _a005:316
942 _cKS
008 s pl f |000 0 pol
999 _c18564
_d18564
856 _uhttp://koha.tu.koszalin.pl/cgi-bin/koha/opac-detail.pl?biblionumber=18564
_yKatalog online BPK